| 000 | 00641nam a2200193 i 4500 | ||
|---|---|---|---|
| 001 | 150850 | ||
| 003 | ES-MaACL | ||
| 005 | 20251113140547.0 | ||
| 007 | t| | ||
| 008 | 071114q18501899fr ||||1| fre d | ||
| 100 | 0 |
_aErckmann-Chatrian. _947367 |
|
| 245 | 1 | 0 |
_aHistoire d'un homme du peuple _b: [suivi de Les Bohémiens sous la Révolution] / _cpar Erckmann-Chatrian ; illustrée par Riou. |
| 260 |
_a[Paris? : _bJ. Hetzel?, _c18-?] |
||
| 300 |
_a116 p. : _bil. ; _c28 cm. |
||
| 700 | 1 |
_aRiou, Édouard, _d1833-1900 _997410 |
|
| 740 | 4 | _aLes bohémiens sous la Révolution. | |
| 852 |
_aES-MaACL _jC-1917(5) |
||
| 999 |
_c150850 _d150850 |
||